| Tag |
First Indicator |
Second Indicator |
Subfields |
| LEADER |
00000cam a2200000 a 4500 |
| 001 |
in00003473641 |
| 005 |
20151206100707.0 |
| 008 |
090723s2009 nyua 6 000 1 eng |
| 010 |
|
|
|a 2009280023
|
| 019 |
|
|
|a 670941195
|a 780253151
|
| 020 |
|
|
|a 9781401222512 (pbk.)
|
| 020 |
|
|
|a 140122251X (pbk.)
|
| 035 |
|
|
|a (OCoLC)ocn264043147
|
| 035 |
|
|
|a (OCoLC)264043147
|z (OCoLC)670941195
|z (OCoLC)780253151
|
| 040 |
|
|
|a DLC
|b eng
|c DLC
|d BTCTA
|d OCP
|d WIM
|d VP@
|d G8V
|d VUE
|d AIC
|d JRS
|d KPLCP
|d BDX
|d ZCU
|d TXA
|d UtOrBLW
|
| 043 |
|
|
|a n-us---
|
| 049 |
|
|
|a TXAM
|
| 050 |
0 |
0 |
|a PN6728.H383
|b D54 2009
|
| 082 |
0 |
0 |
|a 741.5/973
|2 23
|
| 090 |
|
|
|a PN6728.H45
|b D558 2009
|
| 100 |
1 |
|
|a Diggle, Andy.
|
| 245 |
1 |
0 |
|a John Constantine, Hellblazer :
|b roots of coincidence /
|c Andy Diggle, writer ; Giuseppe Camuncoli, penciller ; Stefano Landini, inker ; Leonardo Manco, artist ; Lee Loughridge, colorist ; Jared K. Fletcher, letterer.
|
| 246 |
3 |
0 |
|a Roots of coincidence
|
| 264 |
|
1 |
|a New York :
|b DC Comics/Vertigo,
|c [2009]
|
| 264 |
|
4 |
|c ©2009
|
| 300 |
|
|
|a 126 unnumbered pages :
|b chiefly color illustrations ;
|c 26 cm.
|
| 336 |
|
|
|a text
|b txt
|2 rdacontent
|
| 337 |
|
|
|a unmediated
|b n
|2 rdamedia
|
| 338 |
|
|
|a volume
|b nc
|2 rdacarrier
|
| 490 |
0 |
|
|a John Constantine, Hellblazer
|
| 500 |
|
|
|a "Originally published in single magazine form as Hellblazer #243-244, 247-249."--Title page verso.
|
| 521 |
|
|
|a Suggested for mature readers.
|
| 505 |
0 |
0 |
|t The mortification of the flesh, Parts 1 and 2 /
|r Giuseppe Camuncoli, penciller ; Stefano Landini, inker --
|t The roots of coincidence, Parts 1, 2 and 3 /
|r Leonardo Manco, artist ; Lee Loughridge, colorist ; Jared K. Fletcher, letter.
|
| 520 |
0 |
|
|a John Constantine is an unconcerned, somewhat amoral occultist with a British working-class background. He's a hero of sorts, who manages to come out on top through a combination of luck, trickery, and genuine magical skill. In this volume, Constantine must discover who has been manipulating events around him. But he must first understand his own relationship to the web of synchronicity that binds his life. To do so, he will tap into a source of terrifying and blasphemous power and what it reveals will change his life forever.
|
| 600 |
|
0 |
|a Constantine, John
|c (Fictitious character)
|v Comic books, strips, etc.
|
| 650 |
|
0 |
|a Occultism
|v Comic books, strips, etc.
|
| 650 |
|
0 |
|a Demonology
|v Comic books, strips, etc.
|
| 650 |
|
0 |
|a Horror comic books, strips, etc.
|
| 650 |
|
0 |
|a Supernatural
|v Comic books, strips, etc.
|
| 650 |
|
0 |
|a Antiheroes
|v Comic books, strips, etc.
|
| 650 |
|
0 |
|a Good and evil
|v Comic books, strips, etc.
|
| 650 |
|
0 |
|a Adventure stories
|v Comic books, strips, etc.
|
| 655 |
|
7 |
|a Graphic novels.
|2 lcgft
|
| 700 |
1 |
|
|a Camuncoli, Giuseppe.
|
| 700 |
1 |
|
|a Landini, Stefano.
|
| 700 |
1 |
|
|a Manco, Leonardo.
|
| 948 |
|
|
|a cataloged
|b h
|c 2014/6/24
|d c
|e cproctor
|f 8:41:13 AM
|
| 994 |
|
|
|a C0
|b TXA
|
| 999 |
|
|
|a MARS
|
| 999 |
f |
f |
|s e37f99d1-7c6f-3883-8da3-16ff6116fd27
|i ad205210-c1a4-37e2-b4bc-9499dda240d7
|t 0
|
| 952 |
f |
f |
|p normal
|a Texas A&M University
|b College Station
|c Sterling C. Evans Library
|d Evans: Library Stacks
|t 0
|e PN6728.H45 D558 2009
|h Library of Congress classification
|i unmediated -- volume
|m A14842481054
|
| 998 |
f |
f |
|a PN6728.H45 D558 2009
|t 0
|l Evans: Library Stacks
|